| 000 | 00546nam a2200169 i 4500 | ||
|---|---|---|---|
| 001 | 37331 | ||
| 003 | ES-MaACL | ||
| 005 | 20230906155541.0 | ||
| 007 | t| | ||
| 008 | 030220s1955 sp ||||1| spa d | ||
| 100 | 1 |
_aBuero Vallejo, Antonio, _d1916-2000 _932421 |
|
| 245 | 1 | 0 |
_aAventura en lo gris _b: drama en dos actos unidos por un sueƱo increible / _cAntonio Buero Vallejo. |
| 260 |
_a[S.l.] : _bPuerta del Sol, _c[1955] ( _fBachende) |
||
| 300 |
_a108 p. ; _c18 cm. |
||
| 852 |
_aES-MaACL _j1990-F-8 _bR.38383 |
||
| 999 |
_c37331 _d37331 |
||